Online katalóg knižníc regiónu Turca

Včely / (Record no. 20265)

MARC details
000 -LEADER
fixed length control field 00736nam a22002531 4500
001 - CONTROL NUMBER
control field 20265
003 - CONTROL NUMBER IDENTIFIER
control field CZ PrNK
005 - DATE AND TIME OF LATEST TRANSACTION
control field 20260120123236.0
008 - FIXED-LENGTH DATA ELEMENTS--GENERAL INFORMATION
fixed length control field 021102s1985 xo 000 | slo
040 ## - CATALOGING SOURCE
Original cataloging agency ABA001
Language of cataloging cze
Transcribing agency ABA001
Modifying agency ABA001
041 1# - LANGUAGE CODE
Language code of text/sound track or separate title slo
Language code of original rus
100 1# - MAIN ENTRY--PERSONAL NAME
Personal name Vasil'jeva, Jevgenija,
Dates associated with a name 1969-
Relationship aut
245 10 - TITLE STATEMENT
Title Včely /
Statement of responsibility, etc. Jevgenija Vasil'jeva, Josif Chalifman ; z rus. orig. Pčoly prel. Katarína Strelková
250 ## - EDITION STATEMENT
Edition statement 1. vyd.
260 ## - PUBLICATION, DISTRIBUTION, ETC.
Place of publication, distribution, etc. Bratislava :
Name of publisher, distributor, etc. Obzor,
Date of publication, distribution, etc. 1985
300 ## - PHYSICAL DESCRIPTION
Extent 317 s. ;
Dimensions
490 1# - SERIES STATEMENT
Series statement Periskop
500 ## - GENERAL NOTE
General note Spoluvyd. Mir, Moskva
700 1# - ADDED ENTRY--PERSONAL NAME
Personal name Chalifman, Iosif Aronovič,
Dates associated with a name 1902-1988
Relationship aut
765 0# - ORIGINAL LANGUAGE ENTRY
Title Pčoly
830 #0 - SERIES ADDED ENTRY--UNIFORM TITLE
Uniform title Periskop (Obzor)
910 ## - USER-OPTION DATA (OCLC)
User-option data ABA001
942 ## - ADDED ENTRY ELEMENTS (KOHA)
Source of classification or shelving scheme Dewey Decimal Classification
Koha item type Odborná literatúra pre dospelých
Suppress in OPAC No
Holdings
Stav vyradenia Strata Poškodenie Spôsob nadobudnutia Domovská knižnica Aktuálna knižnica Dátum nadobudnutia Total checkouts Čiarový kód exemplára Date last seen Typ exemplára
      Dar Obecná knižnica Horná Štubňa Obecná knižnica Horná Štubňa 20.01.2026   4736200285 20.01.2026 Odborná literatúra pre dospelých
Projekt je podporený Slovenskou asociáciou knižníc
Prevádzkuje Turčianska knižnica Martin 2026